000 01295nam a22004337a 4500
001 BR2024003063
003 BR-BrBNA
005 20241017145034.0
008 241017b bl.||||| |||| 00| 0 por d
020 _a978-85-62223-00-6
040 _aBR-BrBNA
_bpor
041 _apor
072 _aE10 ; J10 ; E14
090 _aE10 BR2024003063
110 _aCompanhia Nacional de Abastecimento, Brasília, DF (Brasil)
245 _aAbastecimento e segurança alimentar: o crescimento da agricultura e a produção de alimentos no Brasil
260 _aBrasília, DF (Brasil)
_c2008
300 _a388 p.
500 _aIncludes several bibliographies; 18 illus.; 73 tables; 63 graphs
650 _aPOLÍTICA DE ABASTECIMENTO
650 _aSEGURANÇA ALIMENTAR
650 _aPREÇO
650 _aCOMMODITIES
650 _aPRODUÇÃO DE ALIMENTOS
650 _aESTOQUE REGULADOR
650 _aARMAZENAGEM
650 _aLOGÍSTICA
650 _aCONAB
650 _aPROGRAMA DE DESENVOLVIMENTO
650 _aBIOCOMBUSTÍVEL
650 _aSUSTENTABILIDADE
650 _aBIODIVERSIDADE
650 _aORGANISMO GENETICAMENTE MODIFICADO
650 _aAGRICULTURA FAMILIAR
650 _aAGRONEGÓCIO
650 _aINSUMO
909 _a202410
_bFernando
942 _cBK
999 _c328164
_d328164